[Event "Dortmund Sparkassen op-B"]
[Site "Dortmund"]
[Date "2015.07.04"]
[Round "8"]
[White "Kaplun, David"]
[Black "Korten, Lando"]
[Result "1-0"]
[WhiteElo "1948"]
[BlackElo "1786"]
[PlyCount "69"]
[EventDate "2015.06.27"]
[EventType "swiss"]
[EventRounds "9"]
[EventCountry "GER"]
[SourceTitle "CBM 167 Extra"]
[Source "ChessBase"]
[SourceDate "2015.09.14"]
[SourceVersion "1"]
[SourceVersionDate "2015.09.14"]
[SourceQuality "1"]

1. d4 Nf6 2. c4 g6 3. Nc3 Bg7 4. e4 d6 5. f3 0-0 6. Be3 e5 7. d5 Na6 8. Bd3 Nd7 9. g4 Ndc5 10. Bb1 f5 11. gxf5 gxf5 12. h4 Qf6 13. Qd2 f4 14. Bf2 Qg6 15. Rh2 h5 16. Nge2 Bd7 17. Nb5 b6 18. Bc2 Rfc8 19. 0-0-0 Rf8 20. Rg1 Qe8 21. Rhg2 Rf7 22. Nxf4 exf4 23. Bd4 Qe7 24. Rxg7+ Rxg7 25. Rxg7+ Qxg7 26. Bxg7 Kxg7 27. Qxf4 Bxb5 28. Qg5+ Kf8 29. cxb5 Nb4 30. Qxh5 Re8 31. a3 Nbd3+ 32. Bxd3 Nxd3+ 33. Kd2 Ne5 34. f4 Nc4+ 35. Kc3 1-0

[Event "GER-chT U16"]
[Site "Magdeburg"]
[Date "2014.12.29"]
[Round "5.3"]
[White "Kaplun, David"]
[Black "Wanner, Lukas"]
[Result "1/2-1/2"]
[WhiteElo "1902"]
[BlackElo "1906"]
[PlyCount "85"]
[EventDate "2014.12.27"]
[EventType "team-swiss"]
[EventRounds "7"]
[EventCountry "GER"]
[SourceTitle "EXT 2016"]
[Source "ChessBase"]
[SourceDate "2015.10.08"]
[SourceVersion "1"]
[SourceVersionDate "2015.10.08"]
[SourceQuality "1"]
[WhiteTeam "Duesseldorf"]
[BlackTeam "Kiel Doppelbauer"]
[WhiteTeamCountry "GER"]
[BlackTeamCountry "GER"]

1. d4 d5 2. c4 dxc4 3. Nf3 Nf6 4. e3 e6 5. Bxc4 c5 6. 0-0 a6 7. Bb3 Nc6 8. Nc3 cxd4 9. Nxd4 Nxd4 10. exd4 Be7 11. d5 exd5 12. Nxd5 Nxd5 13. Bxd5 0-0 14. Bf4 Qb6 15. Qf3 Qxb2 16. Rab1 Qf6 17. Bxb7 Ra7 18. Be4 Bf5 19. Be3 Bxe4 20. Qxe4 Rd7 21. Qa4 Rd6 22. Rfe1 Re6 23. Qg4 Rd8 24. a4 a5 25. Rb5 Bb4 26. Rf1 h6 27. Bc5 Bxc5 28. Rxc5 Rd4 29. Qh5 Rxa4 30. Rxa5 g6 31. Qb5 Rxa5 32. Qxa5 Kg7 33. Qc7 Qe5 34. Qc1 Qe4 35. Qc3+ Qe5 36. Qa3 Qd6 37. Qb2+ Qe5 38. Qb4 Qd6 39. Qa5 Qe5 40. Qa3 Qd6 41. Qb3 Qe5 42. Qh3 Qe4 43. Qc3+ 1/2-1/2

[Event "GER-chT U16"]
[Site "Magdeburg"]
[Date "2014.12.28"]
[Round "3.3"]
[White "Kaplun, David"]
[Black "Riess, Alexander"]
[Result "0-1"]
[WhiteElo "1902"]
[BlackElo "1922"]
[PlyCount "98"]
[EventDate "2014.12.27"]
[EventType "team-swiss"]
[EventRounds "7"]
[EventCountry "GER"]
[SourceTitle "EXT 2016"]
[Source "ChessBase"]
[SourceDate "2015.10.08"]
[SourceVersion "1"]
[SourceVersionDate "2015.10.08"]
[SourceQuality "1"]
[WhiteTeam "Duesseldorf"]
[BlackTeam "Luebeck"]
[WhiteTeamCountry "GER"]
[BlackTeamCountry "GER"]

1. d4 Nf6 2. c4 g6 3. Nc3 d5 4. cxd5 Nxd5 5. e4 Nxc3 6. bxc3 Bg7 7. Bc4 c5 8. Ne2 0-0 9. h4 Nc6 10. Be3 Qa5 11. 0-0 Qc7 12. Qc1 Bg4 13. f3 Bd7 14. h5 Rac8 15. hxg6 hxg6 16. Bb3 Na5 17. d5 Bb5 18. Re1 b6 19. Nf4 Qe5 20. Bd2 Bc4 21. Rb1 Bxb3 22. axb3 c4 23. bxc4 Rxc4 24. Nd3 Qc7 25. Nb2 Nb3 26. Bf4 Qc8 27. Qd1 Rxc3 28. Na4 Bd4+ 29. Kh1 Kg7 30. g4 Rh8+ 31. Kg2 Rc2+ 32. Re2 Rxe2+ 33. Qxe2 Nc5 34. Rc1 Qd7 35. Nb2 e6 36. dxe6 Nxe6 37. Bg3 Rc8 38. Qd2 Rxc1 39. Qxc1 Qb5 40. Nc4 a5 41. Bf2 Bxf2 42. Kxf2 Qc5+ 43. Kg3 Kg8 44. Qf1 Qc7+ 45. e5 Qc5 46. Qe2 b5 47. Ne3 Qxe5+ 48. Kf2 Qh2+ 49. Ng2 Qxg2+ 0-1

[Event "Magdeburg op-A"]
[Site "Magdeburg"]
[Date "2014.06.14"]
[Round "9"]
[White "Meissner, Felix"]
[Black "Kaplun, David"]
[Result "1-0"]
[WhiteElo "2211"]
[BlackElo "1895"]
[PlyCount "65"]
[EventDate "2014.06.08"]
[EventType "swiss"]
[EventRounds "9"]
[EventCountry "GER"]
[SourceTitle "CBM 160 Extra"]
[Source "ChessBase"]
[SourceDate "2014.07.01"]
[SourceVersion "1"]
[SourceVersionDate "2014.07.01"]
[SourceQuality "1"]

1. e4 d5 2. exd5 Qxd5 3. Nf3 a6 4. d4 Nf6 5. Be2 e6 6. 0-0 Be7 7. c4 Qd6 8. Nc3 0-0 9. Bg5 Rd8 10. Qc2 b6 11. Ne4 Nxe4 12. Qxe4 Ra7 13. Bf4 Qd7 14. Rfd1 Bb7 15. Qe3 Bf6 16. Ne5 Qe7 17. Ng4 Ba8 18. Nxf6+ Qxf6 19. Bg5 Qg6 20. Bd3 f5 21. Bf1 Re8 22. Bf4 Nd7 23. Qg3 Qxg3 24. Bxg3 Nf6 25. f3 Kf7 26. Rd2 c6 27. c5 b5 28. a4 b4 29. a5 Rd8 30. Ra4 Nd5 31. Be5 Nc7 32. Bxc7 Rxc7 33. Rxb4 1-0

[Event "Magdeburg op-A"]
[Site "Magdeburg"]
[Date "2014.06.10"]
[Round "4"]
[White "Kaplun, David"]
[Black "Wenninger, Philipp"]
[Result "0-1"]
[WhiteElo "1895"]
[BlackElo "2254"]
[PlyCount "86"]
[EventDate "2014.06.08"]
[EventType "swiss"]
[EventRounds "9"]
[EventCountry "GER"]
[SourceTitle "CBM 160 Extra"]
[Source "ChessBase"]
[SourceDate "2014.07.01"]
[SourceVersion "1"]
[SourceVersionDate "2014.07.01"]
[SourceQuality "1"]

1. d4 d5 2. Nf3 Nf6 3. e3 c6 4. b3 Bg4 5. h3 Bh5 6. g4 Bg6 7. Ne5 Nfd7 8. Nxg6 hxg6 9. Bb2 e6 10. Nd2 Bd6 11. c4 Nf6 12. Bd3 Nbd7 13. e4 dxe4 14. Nxe4 Nxe4 15. Bxe4 Nf6 16. Bf3 Qa5+ 17. Kf1 0-0-0 18. Qe1 Qg5 19. Kg2 Nh5 20. Bc1 Nf4+ 21. Bxf4 Qxf4 22. Qe3 Kb8 23. Qxf4 Bxf4 24. Rad1 Rd7 25. d5 cxd5 26. cxd5 e5 27. Be4 Rf8 28. Bf3 f5 29. Be2 a6 30. a4 Kc7 31. Bc4 Kd6 32. Ra1 Rc8 33. Rhd1 Rdc7 34. Kf3 Bg5 35. Kg3 Re7 36. Rh1 f4+ 37. Kg2 e4 38. Ra2 f3+ 39. Kg3 Rf7 40. h4 Bf4+ 41. Kh3 Rh8 42. Re1 Rxh4+ 43. Kxh4 g5+ 0-1

[Event "Solingen Karneval op"]
[Site "Solingen"]
[Date "2014.03.02"]
[Round "5"]
[White "Kaplun, David"]
[Black "Zolfagharian, Kevin"]
[Result "1/2-1/2"]
[WhiteElo "1796"]
[BlackElo "2058"]
[PlyCount "21"]
[EventDate "2014.02.28"]
[EventType "swiss"]
[EventRounds "5"]
[EventCountry "GER"]
[SourceTitle "EXT 2016"]
[Source "ChessBase"]
[SourceDate "2015.10.08"]
[SourceVersion "1"]
[SourceVersionDate "2015.10.08"]
[SourceQuality "1"]

1. d4 d5 2. c4 c6 3. cxd5 cxd5 4. Nc3 Nf6 5. Nf3 Nc6 6. Bf4 e6 7. e3 Be7 8. Ne5 Qb6 9. Qb3 0-0 10. Qxb6 axb6 11. Bb5 1/2-1/2

[Event "Solingen Karneval op"]
[Site "Solingen"]
[Date "2013.02.10"]
[Round "5"]
[White "Boschek, Hans Joachim"]
[Black "Kaplun, David"]
[Result "1/2-1/2"]
[WhiteElo "1935"]
[BlackElo "1752"]
[PlyCount "26"]
[EventDate "2013.02.08"]
[EventType "swiss"]
[EventRounds "5"]
[EventCountry "GER"]
[SourceTitle "EXT 2015"]
[Source "ChessBase"]
[SourceDate "2014.11.20"]
[SourceVersion "1"]
[SourceVersionDate "2014.11.20"]
[SourceQuality "1"]

1. d4 d5 2. Nf3 Nf6 3. e3 Bg4 4. Nbd2 e6 5. c4 c6 6. Qb3 Qc7 7. Ne5 Bf5 8. Ndf3 Nbd7 9. Nxd7 Nxd7 10. Bd2 dxc4 11. Bxc4 Bd6 12. Bb4 0-0 13. 0-0 Bxb4 1/2-1/2

[Event "GER-ch U12"]
[Site "Oberhof"]
[Date "2011.06.16"]
[Round "8"]
[White "Nguyen, Huy Dat"]
[Black "Kaplun, David"]
[Result "1-0"]
[WhiteElo "1537"]
[BlackElo "1758"]
[PlyCount "47"]
[EventDate "2011.06.11"]
[EventType "swiss"]
[EventRounds "11"]
[EventCountry "GER"]
[SourceTitle "CBM 142 Extra"]
[Source "ChessBase"]
[SourceDate "2011.06.27"]
[SourceVersion "1"]
[SourceVersionDate "2011.06.27"]
[SourceQuality "1"]

1. d4 d5 2. c4 e6 3. Nf3 Nf6 4. g3 c6 5. Bg2 dxc4 6. Ne5 Bb4+ 7. Bd2 Qxd4 8. Bxb4 Qxe5 9. Bd6 Qxb2 10. Nd2 c3 11. Nc4 c2 12. Nxb2 cxd1Q+ 13. Rxd1 Nd5 14. Rd3 f6 15. 0-0 Kf7 16. Nc4 Nd7 17. f4 b6 18. e4 Ne7 19. Rfd1 a5 20. Bxe7 Kxe7 21. e5 b5 22. Bxc6 bxc4 23. Rxd7+ Bxd7 24. Rxd7+ 1-0

[Event "GER-ch U12"]
[Site "Oberhof"]
[Date "2011.06.12"]
[Round "2"]
[White "Kaplun, David"]
[Black "Sawlin, Leonid"]
[Result "0-1"]
[WhiteElo "1758"]
[BlackElo "1920"]
[PlyCount "44"]
[EventDate "2011.06.11"]
[EventType "swiss"]
[EventRounds "11"]
[EventCountry "GER"]
[SourceTitle "CBM 142 Extra"]
[Source "ChessBase"]
[SourceDate "2011.06.27"]
[SourceVersion "1"]
[SourceVersionDate "2011.06.27"]
[SourceQuality "1"]

1. d4 e6 2. c4 f5 3. Nc3 Nf6 4. g3 d5 5. cxd5 exd5 6. Bg5 c6 7. Bg2 Bd6 8. Nf3 h6 9. Bf4 0-0 10. Bxd6 Qxd6 11. Ne5 Ne4 12. 0-0 Nd7 13. f4 Ndf6 14. e3 Be6 15. a3 Rac8 16. Rc1 a5 17. Na4 Rc7 18. Nd3 Bf7 19. Ndc5 Re8 20. Re1 Rce7 21. Qb3 b5 22. Nxe4 dxe4 0-1

[Event "Solingen Karneval op"]
[Site "Solingen"]
[Date "2010.02.14"]
[Round "5"]
[White "Rist, Manfred"]
[Black "Kaplun, David"]
[Result "1-0"]
[WhiteElo "2213"]
[BlackElo "1820"]
[PlyCount "61"]
[EventDate "2010.02.12"]
[EventType "swiss"]
[EventRounds "5"]
[EventCountry "GER"]
[SourceTitle "CBM 134 Extra"]
[Source "ChessBase"]
[SourceDate "2010.03.03"]
[SourceVersion "1"]
[SourceVersionDate "2010.03.03"]
[SourceQuality "1"]

1. e4 c5 2. Nf3 e6 3. d4 cxd4 4. Nxd4 a6 5. h3 Nf6 6. Nc3 d6 7. g4 h6 8. Bg2 Nbd7 9. 0-0 Be7 10. f4 Rb8 11. Re1 Qc7 12. Kh1 b5 13. Nd5 exd5 14. exd5 Nb6 15. Nc6 Nbxd5 16. Bxd5 Nxd5 17. Nxb8 Qxb8 18. Kh2 Bb7 19. c4 bxc4 20. Qa4+ Kd8 21. Bd2 c3 22. bxc3 Bf6 23. Rab1 Qa7 24. Re2 g5 25. Rbe1 Nc7 26. Be3 Qb8 27. Bb6 Kc8 28. Re8+ Rxe8 29. Rxe8+ Bd8 30. Qa5 Nxe8 31. Qf5# 1-0

[Event "Solingen Karneval op"]
[Site "Solingen"]
[Date "2010.02.12"]
[Round "1"]
[White "Henrichs, Thomas"]
[Black "Kaplun, David"]
[Result "1-0"]
[WhiteElo "2471"]
[BlackElo "1820"]
[PlyCount "47"]
[EventDate "2010.02.12"]
[EventType "swiss"]
[EventRounds "5"]
[EventCountry "GER"]
[SourceTitle "CBM 134 Extra"]
[Source "ChessBase"]
[SourceDate "2010.03.03"]
[SourceVersion "1"]
[SourceVersionDate "2010.03.03"]
[SourceQuality "1"]

1. e4 c5 2. Nf3 e6 3. d4 cxd4 4. Nxd4 a6 5. Bd3 Nf6 6. 0-0 d6 7. c4 Be7 8. Nc3 0-0 9. Qe2 Nbd7 10. f4 Nc5 11. Bc2 Re8 12. Kh1 e5 13. fxe5 dxe5 14. Nf5 Bxf5 15. exf5 Qc7 16. Bg5 Bd8 17. Rad1 Qc6 18. Bxf6 Bxf6 19. b4 e4 20. Nd5 Nd3 21. Bxd3 exd3 22. Qxd3 Rac8 23. Rfe1 Red8 24. c5 1-0

[Event "Solingen-ch"]
[Site "Solingen"]
[Date "2009.09.15"]
[Round "4"]
[White "Mueller, Philip2222"]
[Black "Kaplun, David"]
[Result "0-1"]
[WhiteElo "1389"]
[BlackElo "1539"]
[PlyCount "48"]
[EventDate "2009.09.15"]
[EventType "swiss"]
[EventRounds "7"]
[EventCountry "GER"]
[SourceTitle "EXT 2011"]
[Source "ChessBase"]
[SourceDate "2010.11.26"]
[SourceVersion "1"]
[SourceVersionDate "2010.11.26"]
[SourceQuality "1"]

1. e4 c5 2. Nf3 e6 3. c3 a6 4. d4 cxd4 5. cxd4 d6 6. Nc3 Be7 7. Bc4 Qc7 8. Qd3 Nf6 9. 0-0 0-0 10. Re1 Rd8 11. Bg5 h6 12. Bxf6 Bxf6 13. d5 e5 14. a4 Bg4 15. Nd2 Bg5 16. Nf1 Nd7 17. Ne3 Bh5 18. b4 Rac8 19. Bxa6 bxa6 20. Qxa6 Qxc3 21. Rac1 Qxb4 22. Rxc8 Qxe1+ 23. Nf1 Be2 24. Rxd8+ Bxd8 0-1

[Event "Cologne Longerich op 6th"]
[Site "Cologne"]
[Date "2009.08.23"]
[Round "3"]
[White "Kaplun, David"]
[Black "Freundlieb, Thomas"]
[Result "0-1"]
[WhiteElo "1538"]
[BlackElo "1966"]
[PlyCount "38"]
[EventDate "2009.08.21"]
[EventType "swiss"]
[EventRounds "5"]
[EventCountry "GER"]
[SourceTitle "EXT 2012"]
[Source "ChessBase"]
[SourceDate "2011.11.24"]
[SourceVersion "1"]
[SourceVersionDate "2011.11.24"]
[SourceQuality "1"]

1. d4 g6 2. c4 Bg7 3. Nc3 d6 4. e4 a6 5. a4 Nc6 6. Be3 e5 7. d5 Nce7 8. f3 f5 9. Bd3 Nh6 10. Qd2 Nf7 11. Nge2 c5 12. a5 b6 13. axb6 Qxb6 14. Rb1 Qb4 15. Qc2 0-0 16. Bg5 Nxg5 17. h4 fxe4 18. Bxe4 Nxe4 19. Qxe4 Bf5 0-1